| 000 | 00451nab a2200145Ia 4500 | ||
|---|---|---|---|
| 003 | ES-SlBCS | ||
| 005 | 20210601125447.0 | ||
| 008 | 140529s1979 xxu||||| |||| 00| 0 eng d | ||
| 041 | _aeng | ||
| 100 | 1 |
_aDauenhauer, Bernard P. _950085 |
|
| 245 | 0 | 0 |
_aDiscourse, Silence, and Tradition _c Bernard P. Dauenhauer |
| 650 | 0 | 4 |
_aDiscurso-Tradición _9158938 |
| 773 | 0 |
_tReview of Methaphysics _gvol. 32, nº. 127, 1979, págs. 437-452 _wRev843 |
|
| 942 | _cAR | ||
| 999 |
_c530704 _d530704 |
||